000 01043nam a2200277 i 4500
001 88926
003 ES-MaACL
005 20230906175955.0
007 t|
008 041228s1990 xxk ||||1| eng d
020 _a0-300-05036-4
080 _a75.036(083.824)
245 0 0 _aArt in the making Impressionism :
_b[exposición celebrada en la National Gallery de Londres, del 28 de noviembre de 1990 al 21 de abril de 1991] /
_cDavid Bomfor ... [et al.] ; with contributions by Raymond White and Louise Williams.
260 _aLondon :
_bThe National Gallery,
_c1990.
300 _a227 p. :
_bil. ;
_c27 cm.
650 4 _aPintura-
_yS.XIX-
_vExposiciones.
_9137837
650 4 _aImpresionismo (Arte)-
_vExposiciones.
_913619
655 7 _2tgfbne
_9193628
_aCatálogos de exposiciones
700 1 _aBomford, David.
_930032
700 1 _aWhite, Raymond.
_9116684
700 1 _aWilliams, Louise.
_9116940
710 2 _aNational Gallery (Londres)
_95970
852 _aES-MaACL
_jE-10768
942 _2udc
999 _c88926
_d88926